| 000 | 00974cam a2200265 a 4500 | ||
|---|---|---|---|
| 999 |
_c4927 _d4927 |
||
| 001 | 3485908 | ||
| 003 | GBCCL | ||
| 005 | 20241126110529.0 | ||
| 008 | 940301s1994 miu b 000 0 eng | ||
| 010 | _a 94009196 | ||
| 020 |
_a0929239865 : _c$7.99 |
||
| 040 |
_aDLC _cDLC _dDLC |
||
| 050 | 0 | 0 |
_aBS1450 23rd _b.R66 1994 |
| 082 | 0 | 0 |
_a223.206 _220 _bROP |
| 100 | 1 |
_aRoper, David, _d1933- _98942 |
|
| 245 | 1 | 0 |
_aPsalm 23 : _bthe song of a passionate heart : hope and rest from the shepherd / _cDavid Roper. |
| 260 |
_aGrand Rapids, MI : _bDiscovery House, _cc1994. |
||
| 300 |
_a162 p. ; _c18 cm. |
||
| 630 | 0 | 0 |
_aBible. _pPsalms, XXIII _xMeditations. _98943 |
| 740 | 0 | _aPsalm twenty-third. | |
| 856 | 4 | 2 |
_3Publisher description _uhttp://www.loc.gov/catdir/enhancements/fy0907/94009196-d.html |
| 906 |
_a7 _bcbc _corignew _d1 _eocip _f19 _gy-gencatlg |
||
| 942 |
_2ddc _cBK |
||